Zawodnicy najczęściej grający dla Liverpoolu- Premier League - Statystyki

Ogólne statystyki
  • Ten quiz został rozwiązany 173 razy
  • Średni wynik to 31 z 100
Statystyki odpowiedzi
Kiedy grał dla Liverpoolu? Ile występów? Narodowość Pozycja Zawodnik % Poprawnych
2017-obecnie 136 Egipt Prawy skrzydłowy Mohamed Salah
92%
1998-2015 504 Anglia Środkowy pomocnik Steven Gerrard
91%
2016-obecnie 153 Senegal Lewy skrzydłowy Sadio Mané
86%
2015-obecnie 202 Brazylia Cofnięty napastnik Roberto Firmino
85%
2018-obecnie 95 Holandia Środkowy obrońca Virgil van Dijk
84%
2011-obecnie 290 Anglia Środkowy pomocnik Jordan Henderson
82%
2001-2007 127 Polska Bramkarz Jerzy Dudek
79%
2018-obecnie 91 Brazylia Bramkarz Alisson Becker
78%
2005-2013 285 Hiszpania Bramkarz Pepe Reina
76%
2017-obecnie 123 Szkocja Lewy obrońca Andrew Robertson
75%
2016-obecnie 120 Anglia Prawy obrońca Trent Alexander-Arnold
74%
2018-obecnie 77 Brazylia Defensywny pomocnik Fabinho
71%
2015-obecnie 169 Anglia Środkowy pomocnik James Milner
71%
2011-2014 110 Urugwaj Napastnik Luis Suárez
71%
1998-2004 216 Anglia Napastnik Michael Owen
66%
1997-2013 508 Anglia Środkowy obrońca Jamie Carragher
65%
2016-obecnie 95 Kamerun Środkowy obrońca Joël Matip
63%
2007-2011 102 Hiszpania Napastnik Fernando Torres
62%
2016-obecnie 170 Holandia Środkowy pomocnik Georginio Wijnaldum
61%
2013-2017 152 Brazylia Ofensywny pomocnik Philippe Coutinho
60%
2008-2016 242 Słowacja Środkowy obrońca Martin Škrtel
59%
2004-2009 143 Hiszpania Defensywny pomocnik Xabi Alonso
59%
2015-obecnie 100 Belgia Napastnik Divock Origi
58%
1992-1996 130 Walia Napastnik Ian Rush
55%
2013-2019 116 Anglia Napastnik Daniel Sturridge
54%
2015-obecnie 79 Anglia Środkowy obrońca Joe Gomez
54%
2018-obecnie 53 Gwinea Środkowy pomocnik Naby Keïta
54%
2013-2018 155 Belgia Bramkarz Simon Mignolet
54%
2014-2020 131 Chorwacja Środkowy obrońca Dejan Lovren
53%
2001-2008 234 Norwegia Lewy obrońca John Arne Riise
52%
2014-2018 115 Niemcy Środkowy pomocnik Emre Can
47%
2007-2017 247 Brazylia Defensywny pomocnik Lucas Leiva
45%
2012-2015 95 Anglia Prawy skrzydłowy Raheem Sterling
43%
2006-2012 208 Holandia Napastnik Dirk Kuyt
42%
2013-2016 46 Wybrzeże Kości Słoniowej Środkowy obrońca Kolo Touré
40%
2014-2018 90 Hiszpania Lewy obrońca Alberto Moreno
39%
2007-2010 94 Argentyna Defensywny pomocnik Javier Mascherano
39%
2015-2018 77 Anglia Prawy obrońca Nathaniel Clyne
39%
1999-2009 318 Finlandia Środkowy obrońca Sami Hyypiä
38%
2002-2005 68 Czechy Napastnik Milan Baroš
34%
1993-2001, 2006-2007 266 Anglia Napastnik Robbie Fowler
34%
2006-2014 175 Dania Środkowy obrońca Daniel Agger
33%
2017-obecnie 73 Anglia Środkowy pomocnik Alex Oxlade-Chamberlain
32%
2014-2020 128 Anglia Ofensywny pomocnik Adam Lallana
31%
2009-2015 160 Anglia Prawy obrońca Glen Johnson
29%
2013-2016 56 Francja Środkowy obrońca Mamadou Sakho
29%
2005-2008 85 Anglia Napastnik Peter Crouch
29%
1999-2005 121 Czechy Ofensywny pomocnik Vladimír Šmicer
26%
2004-2006 49 Francja Napastnik Djibril Cissé
25%
2003-2008 93 Australia Lewy skrzydłowy Harry Kewell
25%
2012-2016 91 Walia Defensywny pomocnik Joe Allen
22%
1992-1998 162 Anglia Lewy skrzydłowy John Barnes
22%
2004-2007 77 Hiszpania Lewy skrzydłowy Luis García
18%
2007-2009 66 Hiszpania Prawy obrońca Álvaro Arbeloa
17%
2011-2015 76 Hiszpania Lewy obrońca José Enrique
16%
1992-1998 155 Anglia Prawy obrońca Rob Jones
16%
2007-2010 92 Izrael Ofensywny pomocnik Yossi Benayoun
15%
2011-2012 44 Anglia Napastnik Andy Carroll
14%
1999-2006 191 Niemcy Środkowy pomocnik Dietmar Hamann
13%
1992-1999 214 Anglia Bramkarz David James
12%
2003-2008 145 Irlandia Prawy obronca Steve Finnan
12%
2007-2011 91 Holandia Napastnik Ryan Babel
11%
2006-2007, 2011-2012 54 Walia Napastnik Craig Bellamy
8%
2000-2006 88 Mali Środkowy obrońca Djimi Traoré
8%
2000-2004 150 Anglia Napastnik Emile Heskey
8%
2010-2012 57 Argentyna Lewy skrzydłowy Maxi Rodríguez
8%
2005-2007 51 Mali Defensywny pomocnik Mohamed Sissoko
8%
1992-1999 240 Anglia Środkowy pomocnik Steve McManaman
8%
2002-2004 55 Senegal Napastnik El Hadji Diouf
7%
2000-2002 55 Anglia Środkowy pomocnik Gary McAllister
7%
1996-2003 148 Czechy Ofensywny pomocnik Patrik Berger
7%
2011-2013 65 Anglia Prawy pomocnik Stewart Downing
7%
2006-2012 87 Brazylia Lewy obrońca Fábio Aurélio
6%
2007-2010 46 Argentyna Lewy obrońca Emiliano Insúa
5%
1992-2001 231 Anglia Środkowy pomocnik Jamie Redknapp
5%
2008-2011 63 Francja Napastnik David N'Gog
4%
2010-2013 47 Anglia Środkowy pomocnik Jonjo Shelvey
4%
1992-1998 137 Anglia Środkowy obrońca Mark Wright
4%
1997-2004 170 Anglia Środkowy pomocnik Danny Murphy
3%
1997-1999 65 Anglia Środkowy pomocnik Paul Ince
3%
1999-2001 75 Holandia Bramkarz Sander Westerveld
3%
1999-2005 135 Szwajcaria Środkowy obrońca Stéphane Henchoz
3%
1994-1999 128 Irlandia Środkowy obrońca Phil Babb
2%
1997-1999 45 Norwegia Środkowy obrońca Bjørn Tore Kvarme
1%
1993-2000 127 Szkocja Środkowy obrońca Dominic Matteo
1%
2000-2005 72 Chorwacja Środkowy obrońca Igor Bišćan
1%
1995-1998 100 Irlandia Prawy pomocnik Jason McAteer
1%
2005-2007 55 Anglia Prawy pomocnik Jermaine Pennant
1%
1997-1999 60 Niemcy Napastnik Karl-Heinz Riedle
1%
1992-1995 69 Anglia Lewy pomocnik Mark Walters
1%
1992-1994 67 Szkocja Prawy obrońca Steve Nicol
1%
1992-1999 139 Norwegia Lewy obrońca Stig Inge Bjørnebye
1%
1997-2000 48 Anglia Prawy pomocnik David Thompson
0%
1994-1996 65 Anglia Środkowy obrońca John Scales
0%
1992-1998 107 Anglia Środkowy pomocnik Michael Thomas
0%
1993-1997 115 Anglia Środkowy obrońca Neil Ruddock
0%
1995-1997 61 Anglia Napastnik Stan Collymore
0%
1992-1999 91 Anglia Lewy obrońca Steve Harkness
0%
1998-2000 44 Irlandia Lewy obrońca Steve Staunton
0%
1998-2000 54 Norwegia Prawy obrońca Vegard Heggem
0%
Nie znaleziono quizów pasujących do podanych kryteriów
Rozkład punktacji
Procent ludzi z każdym wynikiem
Percentyl według liczby udzielonych odpowiedzi
Twoja historia wyników
Nie rozwiązałeś tego quizu